Deutsche Städte nach Bildern - Statistiken

Allgemein
  • Dieses Quiz wurde 621 mal gespielt
  • Das Durchschnittsergebnis liegt bei 11 aus 16
Antwortstatistiken
Bildquiz Antwort % Korrekt
Berlin
98%
Hamburg
96%
Frankfurt am Main
95%
Köln
95%
Bremen
94%
München
92%
Dresden
84%
Lübeck
66%
Nürnberg
66%
Potsdam
66%
Ulm
61%
Erfurt
43%
Augsburg
42%
Aachen
40%
Mannheim
34%
Schwerin
34%
Keine übereinstimmenden Quizze gefunden
Verteilung der Resultate
Anzahl Personen mit jedem Resultat
Perzentil nach korrekt beantworteten Fragen
Ihre Resultats-Entwicklung
Sie haben dieses Quiz noch nicht gespielt